| 000 | 00714nas a2200253 4500 | ||
|---|---|---|---|
| 001 | BR8304085 | ||
| 003 | BR-BrBNA | ||
| 005 | 20231205085639.0 | ||
| 007 | ta | ||
| 008 | 230509b bl.|||p| |||| 00| 00por d | ||
| 040 |
_aBR-BrBNA _bpor _cBiblioteca Nacional de Agricultura |
||
| 041 | _a(Pt) | ||
| 072 | _aL72 | ||
| 100 | 1 | _aRibeiro, M.F.B. | |
| 100 | 1 | _aSalcedo, J.H.P. | |
| 245 | 1 | _aAnaplasmose e babesiose [bovino, protozoario] | |
| 650 | _aBOVINO | ||
| 650 | _aANAPLASMOSE | ||
| 650 | _aBABESIOSE | ||
| 650 | _aPROFILAXIA | ||
| 773 | 0 |
_tRevista dos Criadores (Brazil) _xISSN 0034-9259 _g(Jun 1983), v. 52(641) p. 23-25 _wBR8304085 |
|
| 909 |
_a202311 _bLúcia _c55 _dLúcia Elande |
||
| 942 |
_2AGRIS _n0 _cANA |
||
| 999 |
_c112771 _d112771 |
||